Ett lik i garderoben (Post nr. 2447)
[ visa ren ]
| 000 -LEADER | |
|---|---|
| fixed length control field | 01274cim a22003858i 4500 |
| 001 - CONTROL NUMBER | |
| control field | 63826 |
| 005 - DATE AND TIME OF LATEST TRANSACTION | |
| control field | 20200226102343.0 |
| 007 - PHYSICAL DESCRIPTION FIXED FIELD--GENERAL INFORMATION | |
| fixed length control field | sd ||||||||||| |
| 008 - FIXED-LENGTH DATA ELEMENTS--GENERAL INFORMATION | |
| fixed length control field | 180410s2018 sw | |||||||||| f swe|d |
| 020 ## - INTERNATIONAL STANDARD BOOK NUMBER | |
| International Standard Book Number | 9789176299869 |
| Qualifying information | MP3 CD |
| 035 ## - SYSTEM CONTROL NUMBER | |
| System control number | (BOKR)9789176299869 |
| 035 ## - SYSTEM CONTROL NUMBER | |
| System control number | (SE-LIBR)22547852 |
| 041 ## - LANGUAGE CODE | |
| Language code of text/sound track or separate title | swe |
| 100 1# - MAIN ENTRY--PERSONAL NAME | |
| Personal name | Olséni, Christina |
| Relationship | aut |
| 245 14 - TITLE STATEMENT | |
| Title | Ett lik i garderoben |
| 263 ## - PROJECTED PUBLICATION DATE | |
| Projected publication date | 201810 |
| 264 #1 - PRODUCTION, PUBLICATION, DISTRIBUTION, MANUFACTURE, AND COPYRIGHT NOTICE | |
| Name of producer, publisher, distributor, manufacturer | Bokfabriken, |
| Date of production, publication, distribution, manufacture, or copyright notice | 2018 |
| 300 ## - PHYSICAL DESCRIPTION | |
| Extent | 7 tim., 19 min. |
| Dimensions | 12.3 cm |
| 336 ## - CONTENT TYPE | |
| Content type term | spoken word |
| Content type code | spw |
| -- | spw |
| Source | rdacontent |
| -- | rdacontent |
| 337 ## - MEDIA TYPE | |
| Media type term | audio |
| Media type code | s |
| -- | s |
| Source | rdamedia |
| -- | rdamedia |
| 338 ## - CARRIER TYPE | |
| Carrier type term | audio disc |
| -- | audio disc |
| Carrier type code | d |
| -- | sd |
| -- | d |
| -- | d |
| -- | sd |
| Source | rdacarrier |
| -- | rdacarrier |
| -- | rdacarrier |
| -- | rdacarrier |
| -- | rdacarrier |
| 340 ## - PHYSICAL MEDIUM | |
| Dimensions | 12.3 cm |
| 490 0# - SERIES STATEMENT | |
| Series statement | Ester Karlsson med K |
| Volume/sequential designation | 2 |
| 600 ## - SUBJECT ADDED ENTRY--PERSONAL NAME | |
| Personal name | Karlsson, Ester |
| Titles and other words associated with a name | (fiktiv gestalt) |
| 655 #7 - INDEX TERM--GENRE/FORM | |
| Genre/form data or focus term | Ljudböcker |
| Authority record control number or standard number | https://id.kb.se/term/saogf/Ljudb%C3%B6cker |
| Source of term | saogf |
| 700 1# - ADDED ENTRY--PERSONAL NAME | |
| Personal name | Hansen, Micke |
| Relationship | aut |
| 700 1# - ADDED ENTRY--PERSONAL NAME | |
| Personal name | Skoog, Helge |
| Relationship | nrt |
| 955 ## - COPY-LEVEL INFORMATION (RLIN) | |
| -- | 655 |
| 955 ## - COPY-LEVEL INFORMATION (RLIN) | |
| -- | 655 |
| 955 ## - COPY-LEVEL INFORMATION (RLIN) | |
| -- | 655 |
| 955 ## - COPY-LEVEL INFORMATION (RLIN) | |
| -- | 655 |
| 955 ## - COPY-LEVEL INFORMATION (RLIN) | |
| -- | 655 |
| 955 ## - COPY-LEVEL INFORMATION (RLIN) | |
| -- | 655 |
| Withdrawn status | Lost status | Source of classification or shelving scheme | Damaged status | Not for loan | Home library | Current library | Shelving location | Date acquired | Total Checkouts | Barcode | Date last seen | Price effective from | Koha item type |
|---|---|---|---|---|---|---|---|---|---|---|---|---|---|
| Other/Generic Classification Scheme | Karlskoga Lasarettsbibliotek | Karlskoga Lasarettsbibliotek | Deckarhyllan | 12/08/2020 | 26345004446 | 12/08/2020 | 12/08/2020 | Ljudbok |